000 00754nam a2200277Ia 4500
003 OSt
005 20220925195451.0
006 a|||||r|||| 00| 0
007 ta
008 220923b |||||||| |||| 00| 0 eng d
020 _a003005668
037 _cGeneral Book
040 _aRTL
_cRTL
_beng
041 _2eng
_aeng
082 _aX:51b4, M6
100 _aZikmund William G
_9236184
245 0 _aExploring marketing research
250 _a2
260 _aChicago
_bDryden Press
_c1986
300 _axxiii,778p
_ccm.
490 _aDryden Press Series in Marketing
500 _aBibliography chapterwise
650 _aMarketing
_915998
942 _hX:51b4, M6
_cGB
_2CC
999 _c533037
_d533037